| 000 | 00928nac a22002291u 4500 | ||
|---|---|---|---|
| 008 | 100914s2001 nyu|||||r|||| 001 0 eng d | ||
| 010 | _a00059452 | ||
| 020 | _a007134666X | ||
| 020 | _a9780071346665 | ||
| 082 | 0 | 0 |
_a629.89 _bGAD _222 |
| 100 |
_aGadre, Dhananjay V. _919148 |
||
| 245 | 1 | 0 |
_aProgramming and Customizing the AVR Microcontroller / _cDhananjay V. Gadre |
| 260 |
_aNew York : _bMcGraw-Hill, _cc2001. |
||
| 300 |
_axxi, 339 p. : _bill. ; _c24 cm. + _e1 CD-ROM(4 3/4 in.) |
||
| 500 | _aIncludes index. | ||
| 650 | 0 |
_aProgrammable controllers. _919149 |
|
| 650 | 0 |
_aRISC microprocessors. _919150 |
|
| 856 | 4 | 2 |
_3Contributor biographical information _uhttp://www.loc.gov/catdir/bios/mh041/00059452.html |
| 856 | 4 | 2 |
_3Table of contents _uhttp://www.loc.gov/catdir/toc/mh031/00059452.html |
| 856 | 4 | 2 |
_3Publisher description _uhttp://www.loc.gov/catdir/description/mh031/00059452.html |
| 942 |
_cBB _k629.89 GAD _2ddc |
||
| 999 |
_c700 _d700 |
||